Normal view
MARC view
Entry Personal Name
001 - CONTROL NUMBER
- control field: 8493
003 - CONTROL NUMBER IDENTIFIER
- control field: OSt
005 - DATE AND TIME OF LATEST TRANSACTION
- control field: 20160505165836.0
008 - FIXED-LENGTH DATA ELEMENTS
- fixed length control field: 160505|| aca||aabn | a|a d
040 ## - CATALOGING SOURCE
- Original cataloging agency: OSt
- Transcribing agency: OSt
100 ## - HEADING--PERSONAL NAME
- Personal name: Caughley, Graeme.
670 ## - SOURCE DATA FOUND
- Source citation: Work cat.: (OSt)3873: Caughley, Graeme., Wildlife ecology and management /, 1994.
